Cuidados intensivos del paciente quemado / (Registro nro. 1142)
[ vista simple ]
| 000 -LEADER | |
|---|---|
| fixed length control field | 01245nam a2200313 a 4500 |
| 008 - CAMPO DE CONTROL (LIBRO) | |
| fixed length control field | 110815s1998 sp a f |||| 001 0 spa d |
| 020 ## - INTERNATIONAL STANDARD BOOK NUMBER | |
| ISBN | 8407001783 |
| 041 ## - CODIGO DE IDIOMA | |
| Código de idioma del texto/pista de sonido o título separado | spa |
| 092 ## - SIGNATURA TOPOGRAFICA DEWEY LOCAL | |
| número de clasificación | 617.028 |
| libristica | 49 |
| sección | LOR |
| 100 1# - ENTRADA PRINCIPAL--NOMBRE PERSONAL | |
| Nombre personal | Lorente, J. A. |
| Forma completa del nombre | Lorente, José Angel |
| 9 (RLIN) | 1870 |
| 245 ## - TITULO PROPIAMENTE DICHO | |
| Título | Cuidados intensivos del paciente quemado / |
| Mención de responsabilidad y remanente de la transcripción de la portada | J. A. Lorente |
| 250 ## - MENCION DE EDICION | |
| Mención de edición | 1a ed. |
| 260 ## - PIE DE IMPRENTA | |
| Lugar de publicación, distribución, etc | Barcelona: |
| Nombre de la editorial, distribuidor, etc | Springer ; Verlag Ibérica; |
| Fecha de publicación | 1998. |
| 300 ## - DESCRIPCION FISICA | |
| Extension | 555 p. |
| Otros detalles físicos | 100 figuras y 80 tablas |
| 500 ## - NOTA GENERAL | |
| Nota general | Lorente, J. A. y Esteban, A. (1998). Cuidados intensivos del paciente quemado. (1a ed.). Barcelona : Springer ; Verlag Ibérica. |
| 653 ## - TÉRMINO INDIZADO - PALABRAS CLAVES | |
| Palabra clave | Cuidados inmediatos y resucitacón precoz del paciente quemado |
| 653 ## - TÉRMINO INDIZADO - PALABRAS CLAVES | |
| Palabra clave | Shock del quemado |
| 653 ## - TÉRMINO INDIZADO - PALABRAS CLAVES | |
| Palabra clave | Histología de la piel. Cambios en el quemado |
| 653 ## - TÉRMINO INDIZADO - PALABRAS CLAVES | |
| Palabra clave | Predicción del pronóstico del paciente quemado |
| 653 ## - TÉRMINO INDIZADO - PALABRAS CLAVES | |
| Palabra clave | Necrólisis epidérmica tóxica (síndrome de Lyell) |
| 653 ## - TÉRMINO INDIZADO - PALABRAS CLAVES | |
| Palabra clave | Afectación de la vía aérea superior por quemaduras e inhalación |
| 653 ## - TÉRMINO INDIZADO - PALABRAS CLAVES | |
| Palabra clave | Cirugía |
| 653 ## - TÉRMINO INDIZADO - PALABRAS CLAVES | |
| Palabra clave | Nutrición |
| 653 ## - TÉRMINO INDIZADO - PALABRAS CLAVES | |
| Palabra clave | Hemodinámica |
| 653 ## - TÉRMINO INDIZADO - PALABRAS CLAVES | |
| Palabra clave | Anestesia y analgesia |
| 653 ## - TÉRMINO INDIZADO - PALABRAS CLAVES | |
| Palabra clave | Rehabilitación y cuidados en enfermería |
| 700 1# - ENTRADAS SECUNDARIAS - NOMBRE PERSONAL | |
| Nombre personal | Esteban, A. |
| Forma completa del nombre | Esteban, Andrés |
| 9 (RLIN) | 1871 |
| 942 ## - ADDED ENTRY ELEMENTS (KOHA) | |
| Source of classification or shelving scheme | Dewey Decimal Classification |
| Item type | Libros |
| Estado de retiro | Existencia | Fuente de clasificación | Estado general | No para prestamo | Ubicación permanente | ubicación actual | Sala de ubicación | Fecha de adquisición | Total Checkouts | Número de clasificación | Código de barras | Date last seen | Número de ejemplar | Price effective from | Koha tipo de elemento (item) | Public note |
|---|---|---|---|---|---|---|---|---|---|---|---|---|---|---|---|---|
| Dewey Decimal Classification | Biblioteca Medicina | Biblioteca Medicina | Circulación | 05/12/2012 | 617.028 49 LOR | 2725 | 06/11/2014 | ej.1 | 05/12/2012 | Libros | Donación Dr. Rubén Torres, Dic. 2012 |